Lucid General Knowledge 2025-2026/ (Record no. 213487)

MARC details
000 -LEADER
fixed length control field 00646nam a22002057a 4500
005 - DATE AND TIME OF LATEST TRANSACTION
control field 20250929111218.0
010 ## - LCCN (DPL NO)
LC control number ENG-146879
020 ## - INTERNATIONAL STANDARD BOOK NUMBER
International Standard Book Number 9789369585717
Terms of availability 399.00
035 ## - SYSTEM CONTROL NUMBER
System control number EN-130411
037 ## - SOURCE OF ACQUISITION
Source of stock number/acquisition DBAD
082 ## - DEWEY DECIMAL CLASSIFICATION NUMBER
Edition number 2
Classification number 000
100 ## - MAIN ENTRY--PERSONAL NAME
Personal name Anil Keshri
245 ## - TITLE STATEMENT
Title Lucid General Knowledge 2025-2026/
Statement of responsibility, etc Anil Keshri
250 ## - EDITION STATEMENT
Edition statement 2
260 ## - PUBLICATION, DISTRIBUTION, ETC. (IMPRINT)
Place of publication, distribution, etc Uttar Pradesh
Name of publisher, distributor, etc S. Chand Publishing
Date of publication, distribution, etc 2025
270 ## - ADDRESS
Address D-92, Sector-2, Noida
City Uttar Pradesh
Postal code 201301
Telephone number 61-120-4682700
300 ## - PHYSICAL DESCRIPTION
Extent 458p.
Dimensions 27cm(pb)
500 ## - GENERAL NOTE
General note NCERT with Important Facts | Maps & Images | 3 New Chapters Added
942 ## - ADDED ENTRY ELEMENTS (KOHA)
Source of classification or shelving scheme Dewey Decimal Classification
Item type English Books
Call number suffix KES
Classification part 000
Holdings
Withdrawn status Lost status Not for loan Collection code Home library Current library Date acquired Source of acquisition Cost, normal purchase price Full call number Barcode Copy number Cost, replacement price Koha item type
      Non-fiction Central Library Central Library 29/09/2025 Delivery of Books Act Division 399.00 000 KES EN-130411 1 399.00 English Books

© Delhi Public Library
Hit Counter
free hit counter